000 00201 a2200097 4500
001 25662
100 _aRoom, M
245 _aMasnavi Molana Room
260 _a
_bSh Ghulam Ali
_c
090 _c17356
_d17356
942 _aNUST-CAE
_cM
_c8176
999 _c260735
_d260735